[Event "EU-chT (Men) 21st"]
[Site "Heraklion"]
[Date "2017.11.05"]
[Round "8.2"]
[White "Radjabov, Teimour"]
[Black "Nepomniachtchi, Ian"]
[Result "1-0"]
[WhiteElo "2741"]
[BlackElo "2733"]
[Annotator "Marin,M"]
[PlyCount "87"]
[EventDate "2017.10.28"]
[EventType "team-swiss"]
[EventRounds "9"]
[EventCountry "GRE"]
[SourceTitle "CBM 182"]
[Source "ChessBase"]
[SourceDate "2018.01.17"]
[SourceVersion "1"]
[SourceVersionDate "2018.01.17"]
[SourceQuality "1"]
[WhiteTeam "Azerbaijan"]
[BlackTeam "Russia"]
[WhiteTeamCountry "AZE"]
[BlackTeamCountry "RUS"]

1. Nf3 c5 2. c4 Nc6 3. Nc3 g6 4. e3 Nf6 5. d4 cxd4 6. exd4 d5 7. cxd5 Nxd5 8.
Qb3 {I analysed this line in my Modern Trends - Symmetrical English article in
CBM180. For this reason I will not comment again on the initial phase of the
game.} e6 9. Bb5 Bg7 10. Bxc6+ bxc6 11. O-O O-O 12. Na4 Qd6 13. Re1 Rb8 14. Qd3
c5 15. Nxc5 Nb4 16. Qc3 Bb7 17. a3 (17. Ne5 Qd5 18. Nxb7 Rxb7 19. b3 Rbb8 $44 {
½-½ (38) Matlakov,M (2707)-Wei,Y (2728) Khanty-Mansiysk 2017 CBM 179 [CBM
180 EO symmetrical]}) 17... Nd5 18. Qd3 Ba8 ({In my initial comments I
attached to this move a "?" writing: Wasting an important tempo.} 18... Ne7 19.
b4 Nf5 $44 {was better. But the novelty below proves I was wrong.}) 19. b4 Rbc8
$1 $146 {You may forgive me for not taking this move seriously in my initial
comments. What is Black doing? Placing a rook on a well defended file? But the
idea is very deep. First of all, the rook moves out of the enemy bishop's
range, preventing White from winning an important tempo in certain lines.
Secondly, White frequently plays Ne4 to help his development in one way or
another, and then the control of the c-file will be important, allowing Black
to play for ...Qc2.} (19... Ne7 {Harutyunian,T (2515)-Vakhidov,J (2561) Moscow
2017 (1/2-1/2, 60)} 20. Ne4 $1 Qb6 21. Bg5 f6 22. Bf4 $14) (19... Rbd8 20. Ne4
Qb6 21. Bg5 f6 22. Bd2 $14) 20. Ne5 {Here are a couple of altenatives
illustrating the previous comment:} (20. Ne4 Qc6 21. Bd2 Qc2 $44) (20. Bd2 Ne7
21. Ne4 Qd5 22. Bg5 f6 23. Bd2 (23. Bf4 {does not attack a rook anymore and
can be also met with} g5) 23... g5 24. h3 h5 $132) 20... Ne7 $44 {The start of
the standard regrouping, increasing the pressure on the d4-pawn. White's extra
pawn is not too relevant yet and Black's bishops are both very strong. The
positon is basically equal.} 21. Bb2 Nf5 22. Rad1 Rfd8 23. Qe2 Qe7 24. Ne4 {
As we will see, White's main plan is advancing his queenside pawns, as in the
rest of the board it is hard to display activity. But why then did White
retreat with his knight?} ({One possible answer is that} 24. b5 $2 {leaves the
c5-kight slightly hanging:} Nh4 25. f3 Bxe5 26. Qxe5 {Unfortunately forced.}
Rd5 27. Qe3 Rg5 $19) ({White could also try regrouping as in the game with his
knight on c5, but the hanging issue would always be there.} 24. f3 Rd5 25. Qf2
h5 26. Rd2 Rcd8 27. Red1 a5 $5 28. Bc3 axb4 29. axb4 Nd6 $44 {[%cal Gd6b5]})
24... Qh4 25. f3 {For now this looks like a solid move but later it will turn
into a weakness.} (25. g3 Qxe4 26. Qxe4 Bxe4 27. Rxe4 Rc2 $44) 25... Rd5 26. a4
{Finally the plan.} (26. Nxf7 {leads to unclear consequences.} Kxf7 27. Ng5+
Qxg5 28. Qxe6+ Kf8 29. Qxc8+ Rd8 $13) ({But} 26. f4 $5 {deserves atention. As
shown below the pawn is not too tasty and White may grab space with g2-g4 soon.
} Rcd8 (26... Qxf4 $6 27. g3 Qh6 28. Ng4 Qh3 29. Ngf6+ Bxf6 30. Nxf6+ Kg7 31.
Nxd5 Bxd5 32. Rc1 $14 {with insufficient compensation for the exchange.}) 27.
Qf2 a5 $5 ({Retrieving the pawn leads to an unpleasant endgame almost by force:
} 27... Qxf2+ 28. Kxf2 Nxd4 29. Ng4 Rf5 30. g3 h5 31. Nh6+ Bxh6 32. Rxd4 Rxd4
33. Bxd4 Bxe4 34. Rxe4 $14) (27... Qe7 28. Rd2 {and White still keeps his
extra pawn although it is not clear how he would make progress.}) 28. g4 Bxe5
29. Qxh4 Nxh4 30. fxe5 Nf3+ (30... Rb5 31. Kf2 axb4 32. a4 Ra5 33. Bc1 $14 {
Black faces some problems of coordination, but the position remains not clear.}
) 31. Kf2 Nxe1 32. Nf6+ Kg7 33. Nxd5 Bxd5 34. Rxe1 $14 {White's advantage
looks rather symbolic, due to opposite coloured bishops.}) 26... h6 {A
mysterious move, proving that Black is confident. He clears the h7-square for
the king and prepares a later ...g6-g5.} ({But there is nothing against the
immediate} 26... Qd8) 27. b5 Qd8 28. Rc1 ({The central pawn is lost as} 28. Qf2
$2 {drops a piece to} Bxe5) 28... Rxc1 29. Rxc1 Nxd4 30. Bxd4 Rxd4 31. Nc6 {
White has finally managed to neutralise one of the bishops.} Bxc6 {Not really
necesary but not wrong either.} (31... Qc7 32. Qc2 (32. Rc4 Rd5 {[%cal Ga7a6]})
32... Rd5 {and Black is at least fine, as White cannot display much activity.})
32. bxc6 Be5 33. Qc2 Qc7 $6 $14 {"The queen is a bad blocker!" Of course
Nepomniachtchi knew that, but the temptation to provoke g2-g3 was probably too
strong. But actually g2-g3 is a useful move, ensuring the king some breathing
space and restricting the bishop.} ({AFter} 33... Bc7 $1 {the most
constructive move seems to be} 34. g3 {anyway, when Black is absolutely stable
and can choose whether to sit and wait or display some activity.} f5 (34... g5
$11) (34... Kg7 $11) 35. Nc5 (35. Nf2 Rd2 $36) 35... Qd5 $132) 34. g3 Rb4 35.
Kh1 Kg7 36. Qd1 {Possibly not the strongest but from a practical point of view
brilliant as it caused an immediate blunder. Black was probably scared by the
threat Qd7, which is not so terrible actually.} (36. Nf2 $5 Bd4 37. Nd3 Rb8 38.
Qc4 Rd8 39. Kg2 $14) 36... Bd4 $2 {Optically logical but losing.} (36... Rd4
37. Qb3 Qd8 $5 $132 38. Nc5 {This allows an unexpected drawing combination.}
Bxg3 39. hxg3 Rh4+ 40. gxh4 Qxh4+ 41. Kg2 Qg5+ 42. Kf2 Qd2+ {with a perpetual.}
) (36... a5 37. Kg2 $5 {The king is heading for the relatively safest h3.} (37.
Qd7 {is not too dangerous.} Qxd7 38. cxd7 Rd4 39. Rc5 Bf6 40. Rc8 Be7 (40...
Rxd7 $4 41. Rg8+ $1) 41. Nc5 Rd5) 37... Rb6 38. Qd7 g5 39. Kh3 {[%cal Gc1c5]}
Rb4 40. Rc5 g4+ $5 (40... Rxa4 41. Qxc7 Bxc7 42. Nc3 Rb4 43. Nb5 Bb6 44. Nd6 (
44. c7 Rxb5) 44... Rd4 45. c7 Bxc7 46. Ne8+ Kg6 47. Nxc7 a4 {wih drawing
chances due to the weakened kingside.}) 41. Kxg4 Rxa4 {The knight is pinned
now.} 42. Kh3 Rd4 43. Qxc7 Bxc7 44. Nc3 Rd8 45. Nb5 Rc8 46. Kg4 $14) 37. Nd6 $1
$18 {The double threat Ne8+ and Nb5 wins.} Kh7 38. Nb5 Rxb5 39. axb5 e5 40. Qb3
Kg7 41. Qd5 Be3 42. Rd1 Qb8 43. Re1 Bd4 44. f4 1-0

[Event "EU-chT (Men) 21st"]
[Site "Heraklion"]
[Date "2017.11.06"]
[Round "9.2"]
[White "Kryvoruchko, Yuriy"]
[Black "Radjabov, Teimour"]
[Result "1/2-1/2"]
[WhiteElo "2692"]
[BlackElo "2741"]
[PlyCount "63"]
[EventDate "2017.10.28"]
[EventType "team-swiss"]
[EventRounds "9"]
[EventCountry "GRE"]
[SourceTitle "CBM 182"]
[Source "ChessBase"]
[SourceDate "2018.01.17"]
[SourceVersion "1"]
[SourceVersionDate "2018.01.17"]
[SourceQuality "1"]
[WhiteTeam "Ukraine"]
[BlackTeam "Azerbaijan"]
[WhiteTeamCountry "UKR"]
[BlackTeamCountry "AZE"]

1. e4 e5 2. Nf3 Nc6 3. Bb5 Nf6 4. d3 Bc5 5. O-O Nd4 6. Nxd4 Bxd4 7. Nd2 c6 8.
Ba4 d6 9. c3 Bb6 10. Nc4 Bc7 11. Bc2 O-O 12. Bg5 d5 13. Nxe5 dxe4 14. d4 c5 15.
Bxf6 Qxf6 16. Bxe4 cxd4 17. cxd4 Bxe5 18. dxe5 Qxe5 19. Qc2 g6 20. Rfe1 Qa5 21.
a3 Qb6 22. Qc3 Bd7 23. Qb4 Qxb4 24. axb4 Rfe8 25. g3 Bc6 26. Bxc6 Rxe1+ 27.
Rxe1 bxc6 28. Rc1 Rd8 29. Rxc6 Rd4 30. Ra6 Rxb4 31. Rxa7 Rxb2 32. Kg2 1/2-1/2

[Event "Palma de Mallorca FIDE GP"]
[Site "Palma de Mallorca"]
[Date "2017.11.17"]
[Round "2"]
[White "Vallejo Pons, Francisco"]
[Black "Radjabov, Teimour"]
[Result "0-1"]
[WhiteElo "2705"]
[BlackElo "2741"]
[Annotator "Yermolinsky,A"]
[PlyCount "74"]
[EventDate "2017.11.16"]
[EventType "swiss"]
[EventRounds "9"]
[EventCountry "ESP"]
[SourceTitle "CBM 182"]
[Source "ChessBase"]
[SourceDate "2018.01.17"]
[SourceVersion "1"]
[SourceVersionDate "2018.01.17"]
[SourceQuality "1"]

1. d4 Nf6 2. c4 g6 3. Nc3 Bg7 4. e4 d6 5. Be2 O-O 6. Be3 {A version of the
King's Indian Averbakh} ({that is similar to the} 6. Bg5 h6 7. Be3 {line.})
6... e5 7. d5 a5 8. g4 {This powerful pawn thrust has been giving King's
Indian devotees headaches since the 1950's. White combines a restrictive
strategy of preventing f7-f5 with direct attacking ideas on the h-file.} ({
White can also try the immediate} 8. h4 Na6 9. h5 Nc5 10. Qc2 {Rapport-Al
Sayed, 2016.}) 8... Na6 9. h4 ({Another participant in this tournament, the
Russian Alexander Riazantsev, may be acknowledged as the best expert on this
line. He actually prefers} 9. g5 Nd7 10. h4 {leaving White with a chance to
open the h-file at an appropriate moment.}) 9... Nc5 10. f3 h5 $1 {This is the
only way to stop White's offensive. Radjabov knows his King's Indian, that's
for sure.} 11. g5 Nh7 12. Kd2 $6 {This extravagant move is not so bad. Vallejo
had his ideas, but he underestimated the importance of maintaining pressure on
the d-file to fight against c7-c6.} ({The routine} 12. Qd2 {accomplishes just
that. As Black goes for} f6 {he finds himself a bit short of counterplay after}
(12... c6 13. O-O-O Bd7 14. dxc6 Bxc6 15. Qxd6 Qxd6 16. Rxd6 Ne6 {offers
insufficient compensation.}) 13. O-O-O fxg5 14. hxg5 Bd7 15. Nh3 Qe7 16. Kb1
Rf7 17. Nf2 Raf8 18. Rdg1 {He can try the thematic} Rf4 {seen in the
abbreviated game Riazantsev-Amonatov, 2015 where a draw was agreed at that
moment, but White need not take him up on the offer and simply continue with}
19. Rg2 {inviting} Nxg5 $6 20. Bxc5 $1 dxc5 21. d6 $1 cxd6 22. Nd5 Qd8 23. Nxf4
Rxf4 24. Qxd6 {with a winning advantage.}) 12... Bd7 (12... f6 13. gxf6 Bxf6
14. Qe1 {was the idea of the king move. Then White would indeed have had a
great game with his queen emerging on the kingside.}) 13. Nh3 c6 $1 {I became
acquainted with then very young Teimour's King's Indian skills during our one
and only encounter at the chess board at the World Cup, Hyderabad, 2002. I
don't recall many other occasions when I got outplayed on the white side of
the KID in such a resolute manner. Radjabov simply has a great feel for these
structures. Too bad the strength of the opposition he faces and tournament
standings concerns prevent him from employing the KID in every game.} 14. Nf2
cxd5 15. exd5 (15. Nxd5 {looks good structure-wise, but what will happen to
White's position once his proud Nd5 is traded? For example,} f6 16. gxf6 Nxf6
17. Kc2 Nxd5 18. Qxd5+ Be6 19. Qd2 b5 $1 {White is already on the back foot
and might be content with defending in the endgame:} 20. Bxc5 dxc5 21. Qxd8
Rfxd8 22. cxb5 Rd4 {etc.}) ({It takes quite a nerve to calmly recapture the
usual way,} 15. cxd5 $5 {and continue with} a4 16. Nd3 Nxd3 17. Bxd3 b5 18. a3
{Perhaps, the remote position of the other black knight will help White.})
15... f5 16. gxf6 Nxf6 17. Bxc5 {Forced, as White needs to establish control
over the e4-square.} dxc5 18. Kc2 a4 $1 19. Qd2 (19. a3 {only seems safe.
Black will proceed with} e4 20. fxe4 Qb6 {where the weakness of the b3-square
is telling.}) ({The right move was} 19. Nfe4 {and soon we will see why.}) 19...
a3 20. b3 e4 $1 {For a true KID player this move comes naturally. It's all
about activating the Bg7!} 21. fxe4 Ng4 22. Nxg4 hxg4 23. h5 {The passive
position of the white pieces makes this counter-attacking attempt irrelevant.}
({All the same,} 23. Rag1 {was useless. After} Qe7 24. Bxg4 $2 {loses to} Bxc3
25. Kxc3 Bxg4 26. Rxg4 Qg7+ 27. Kc2 Rf2 $1 {Nice tactical motif.}) 23... Rf2
24. h6 (24. hxg6 Qe7) 24... Be5 25. Raf1 g3 26. Rxf2 ({On} 26. Nd1 {Black had}
Rh2 27. Rxh2 gxh2 $19) 26... gxf2 27. Nd1 Qf6 28. Rf1 ({At least, White could
have resisted longer after} 28. Qe3 Bd4 29. Qf3 Qxf3 30. Bxf3 Rf8 31. Bg2 Kh7)
28... Bd4 $19 29. Nxf2 {What else?} Bxf2 30. e5 {But it's easy to spot a
refutation.} Qxe5 31. Rxf2 Bf5+ 32. Kd1 Qa1+ 33. Qc1 Qxa2 {That pawn didn't
make it all the way to a3 for nothing!} 34. Rxf5 Qxb3+ 35. Kd2 Qa2+ 36. Ke1 Qb2
$1 37. Qf4 Qb1+ 0-1

[Event "Palma de Mallorca FIDE GP"]
[Site "Palma de Mallorca"]
[Date "2017.11.19"]
[Round "5"]
[White "Radjabov, Teimour"]
[Black "Harikrishna, Pentala"]
[Result "1/2-1/2"]
[WhiteElo "2741"]
[BlackElo "2738"]
[Annotator "Yermolinsky,A"]
[PlyCount "61"]
[EventDate "2017.11.16"]
[EventType "swiss"]
[EventRounds "9"]
[EventCountry "ESP"]
[SourceTitle "CBM 182"]
[Source "ChessBase"]
[SourceDate "2018.01.17"]
[SourceVersion "1"]
[SourceVersionDate "2018.01.17"]
[SourceQuality "1"]

1. Nf3 d5 2. c4 d4 3. g3 c5 4. Bg2 ({The reverse Benko} 4. b4 {might be a more
challenging attempt, but, of course, there would be more risk involved.}) 4...
Nc6 5. O-O e5 6. d3 Nf6 7. e3 Be7 8. exd4 cxd4 {Hari prefers a more combative
continuation.} ({Usually Black just replies with} 8... exd4 {In this
symmetrical Benoni structure White has hardly anything better than} 9. Bf4 O-O
10. Ne5 Nxe5 11. Bxe5 {but} Ng4 {equalises:} 12. Bf4 (12. Re1 Nxe5 13. Rxe5 Bd6
14. Re1 Bf5 $11 {Caruana-Anand, Champions Showdown 2016}) 12... Bd6 {
Kramnik-Anand, Blitz 2013.}) 9. Re1 Nd7 10. Na3 ({Another option is the old
Fischer plan,} 10. Nbd2 O-O 11. g4 a5 12. Ne4 {Of course, all this is lifted
from regular Modern Benoni games. Here White is a tempo ahead, but it remains
to be seen how important it will turn out to be,}) 10... O-O 11. Nc2 a5 12. b3
f6 13. Nd2 Nc5 {It's generally believed that in Benoni structures Black (in
this case White) benefits from a trade of one pair of knights.} ({Therefore, a
more challenging try is} 13... Kh8 $5 {Later in the game we will seee how
important it is for the king to step away from checks on that diagonal.}) 14.
Ne4 Bf5 15. Nxc5 Bxc5 16. a3 Rb8 17. Rb1 Qd6 18. Qf3 Bg6 19. h4 h5 20. Rd1 Rfe8
({The most principled line was} 20... e4 $5 21. dxe4 Ne5 22. Qf4 b5 $1 {
A great shot, which Harikrishna must have missed.} (22... d3 23. Ne1 Rbd8 {
is answered by} 24. b4 $1 axb4 25. axb4 {where} Bxb4 $2 26. Nxd3 Nxd3 27. Qxd6
Rxd6 28. Rxb4 {leaves White well on top}) 23. b4 {and only now Black plays} d3
$1 24. Ne1 (24. bxc5 $4 dxc2 {and Black will get a new queen while going up a
whole rook}) 24... axb4 25. axb4 Bxb4 {and there's no} 26. Nxd3 {on account of}
bxc4 $19 {It's impossible to foresee all possible lines, but the breakthrough
in the centre is thematic in all Benoni variations.}) 21. b4 $1 {Now Radjabov
is in time to defuse the situation} axb4 22. Qd5+ {That check we talked about
in the note to Black's 13th move sure comes in handy.} Qxd5 23. Bxd5+ Kh7 24.
axb4 Bf8 25. Kf1 Rec8 26. b5 Na5 27. Rb2 e4 $1 {Otherwise Black can get worse.}
28. Bxe4 Bxe4 29. dxe4 Nxc4 30. Ra2 Nd6 31. Nxd4 1/2-1/2